Statistics for The 80 richest countries in the world

Click here to take the quiz!

General Stats

  • This quiz has been taken 73 times
  • The average score is 52 of 80

Answer Stats

RankCountryGDP per capita% Correct
8United States54,778
97%
27Italy31,576
95%
5Norway67,783
95%
13Sweden48,480
95%
22United Kingdom39,091
94%
23France38,073
92%
30Spain26,037
92%
21Canada39,446
90%
17Finland43,009
89%
10Denmark51,921
87%
1Monaco178,197
87%
55Poland11,490
87%
16Austria43,621
86%
18Germany41,753
86%
20Japan40,036
86%
3Luxembourg89,545
86%
4Switzerland76,035
86%
7Qatar56,123
84%
62Russia8,626
84%
6Ireland60,227
83%
15Netherlands44,115
83%
36Portugal19,989
83%
11Singapore49,370
83%
12Australia49,338
81%
9Iceland54,007
81%
63Mexico8,384
81%
40Saudi Arabia17,312
81%
29South Korea27,253
81%
54Argentina11,925
78%
48Latvia15,065
78%
2Liechtenstein156,469
78%
25New Zealand35,867
78%
14San Marino47,285
78%
19Belgium40,044
76%
70China7,869
76%
43Lithuania15,735
76%
64Brazil8,298
75%
38Czech Republic18,609
75%
39Estonia17,643
73%
31Kuwait25,602
73%
24United Arab Emirates36,645
73%
52Hungary12,388
71%
35Malta20,556
71%
50Croatia12,780
70%
37Greece18,633
70%
60Romania9,325
68%
58Turkey10,065
68%
51Chile12,585
67%
26Israel34,634
67%
45Slovakia15,485
67%
33Bahrain21,662
65%
34Slovenia21,092
63%
69Bulgaria7,961
62%
49Oman13,602
60%
28Bahamas27,293
59%
47Uruguay15,313
56%
42Cyprus15,908
54%
53Panama12,352
52%
80Peru5,595
52%
79Thailand5,669
51%
32Brunei25,193
46%
61Malaysia8,643
44%
56Costa Rica11,019
43%
41Barbados16,145
38%
67Cuba8,012
38%
74Dominican Republic6,316
38%
59Lebanon9,424
35%
71St. Lucia7,751
35%
72Montenegro6,982
33%
73Kazakhstan6,886
32%
66Grenada8,053
30%
46Antigua and Barbuda15,485
29%
68Dominica7,961
29%
57Venezuela10,104
27%
44Trinidad and Tobago15,692
25%
65Nauru8,096
13%
75Libya6,237
11%
78Gabon5,690
10%
77Botswana5,818
8%
76Equatorial Guinea6,227
8%

Score Distribution

Percentile by Number Answered

Percent of People with Each Score

Your Score History

You have not taken this quiz